| 000 | 00789nam a2200229 4500 | ||
|---|---|---|---|
| 003 | OSt | ||
| 005 | 20240614004632.0 | ||
| 006 | a | ||
| 008 | 240614b |||||||| |||| 00| 0 eng d | ||
| 020 | _a9780205456307 | ||
| 040 |
_aDWCL-Main lib. _cOC |
||
| 082 | _aCirc. 372.465 Z73e 2008 | ||
| 100 | _aZimmerman, Belinda S. | ||
| 245 | _aEvidence-based instruction in reading : a professional development guide to phonics / | ||
| 260 |
_aMassachusetts : _bPearson Education, _cc2008. |
||
| 300 |
_axx, _b105 p. : b & w ill. ; _c23 cm. |
||
| 504 | _aIncludes appendix and references. | ||
| 650 | _a1. Reading–Phonetic method–United States. | ||
| 650 | _a2. Reading teachers–In-service training–United States. | ||
| 700 | _aBelinda S. Zimmerman | ||
| 942 |
_2ddc _n0 _cBK-CIRC _kCirc. |
||
| 999 |
_c656 _d656 |
||